00539 2200181 4500001002100000005001500021008004100036020001800077035001900095041000700114082001000121090001600131100002600147245010400173260004100277300002900318650001000347INLIS00000000001116120241224114130241224||||||||| | ||| |||| || |  a979-692-142-1 0010-1224011161 aid0 a070.4 a070.4 SOB a0 aDrs. Alex Sobur, M.Si00aAnalisis Teks Media: Suatu Pengantar untuk Analisis Wacana, Analisis Semiotik, dan Analisis Framing aBandungbpt. Remaja rosdakaryac2006 a24x16 cm, xiv, 200 hlm.; 0aMedia